| 000 | 00651nam a2200229 a 4500 | ||
|---|---|---|---|
| 008 | |||
| 020 | _a1857151445 (cased) | ||
| 049 | _aMAIN | ||
| 090 | _aPR6005.04 | ||
| 100 | 1 | 0 | _aConrad, Joseph. |
| 245 | 0 | 0 |
_aVictory / _cJoseph Conrad. |
| 260 | 0 |
_aLondon : _bDavid Campbell, _c1998. |
|
| 300 |
_alxi, 385 p. ; _c22 cm. |
||
| 440 |
_aEveryman's Library ; _v144. |
||
| 504 | _aIncludes bibliographical references. | ||
| 650 |
_aEnglish Literature _d20th century. |
||
| 907 |
_a.b10114324 _b22-03-04 _c17-03-04 |
||
| 003 | |||
| 005 | 20230123133640.0 | ||
| 040 | _cNUST | ||
| 942 |
_cBOOKS _kPR6005.04 |
||
| 999 |
_c152247 _d152247 |
||